A járásbíróság elhelyezése

Michal (Mihály) Pásztor predal za 22 000 korún pozemok na Ulici Dionýza Andrássyho, kde do 1.05.1914 má stáť budova Kráľovského okresného súdu v Rožňave. Pozemok vybrala vyslaná delegácia ministerstva vnútra z viacerých návrhov 6.07.1912.

Podrobná bibliografia
Médium: Článok
Jazyk:Hungarian
Témy:
Zdroj: 1. Sajó-Vidék : Vegyestartalmú hetilap 1. Roč. 15, č. 28 (11.07.1912) s. 3
LEADER 01119nab#a2200289#ar4500
001 000065113
003 SVKKK
005 19970922xxxxxxx.
008 06 c xo huno
FMT
038 |a SVKKK 
040 |a SVKKK  |b slo  |e AACR2 
041 0 |a hun 
044 |a xo  |c SK 
080 |a 725:34 
242 1 0 |a Umiestnenie okresného súdu 
245 0 0 |a A járásbíróság elhelyezése 
520 2 |a Michal (Mihály) Pásztor predal za 22 000 korún pozemok na Ulici Dionýza Andrássyho, kde do 1.05.1914 má stáť budova Kráľovského okresného súdu v Rožňave. Pozemok vybrala vyslaná delegácia ministerstva vnútra z viacerých návrhov 6.07.1912. 
650 0 4 |a Kráľovský okresný súd, Rožňava - budova súdna - výstavba plánovaná - pozemok stavebný - 6.07.1912 - výber ukončený - Pásztor, Michal (profesor stredoškolský, redaktor) - predajca - správa 
773 0 |t Sajó-Vidék : Vegyestartalmú hetilap  |g Roč. 15, č. 28 (11.07.1912) s. 3 
957 |a Rožňava 
958 |a DG 
958 |a SK 
974 |a ebl  |d 19970922 
992 |a RBX 
BAS
998 |a RETRO